| Tag |
First Indicator |
Second Indicator |
Subfields |
| LEADER |
00000cam a2200000 a 4500 |
| 001 |
in00000070121 |
| 005 |
20151008061611.0 |
| 008 |
741115s1973 ch b 00000 eng d |
| 035 |
|
|
|a (OCoLC)01077276
|
| 035 |
|
|
|9 AAJ8410AM
|
| 040 |
|
|
|c OSU
|d TXA
|d UtOrBLW
|
| 043 |
|
|
|a a-ch---
|
| 049 |
|
|
|a TXAM
|c [1655653]
|
| 090 |
|
|
|a DS777.55
|b .G42
|
| 245 |
0 |
2 |
|a A general review of Chinese Communist affairs in 1972.
|
| 264 |
|
1 |
|a [Taipei?] :
|b World Anti-Communist League, China Chapter :
|b Asian Peoples's Anti-Communist League, Republic of China,
|c 1973.
|
| 300 |
|
|
|a 167 pages ;
|c 18 cm.
|
| 336 |
|
|
|a text
|b txt
|2 rdacontent
|
| 337 |
|
|
|a unmediated
|b n
|2 rdamedia
|
| 338 |
|
|
|a volume
|b nc
|2 rdacarrier
|
| 500 |
|
|
|a Cover title.
|
| 504 |
|
|
|a Includes bibliographical references.
|
| 650 |
|
0 |
|a Communism
|z China.
|
| 651 |
|
0 |
|a China
|x Politics and government
|y 1949-
|
| 710 |
2 |
|
|a World Anti-Communist League.
|b China Chapter.
|
| 710 |
2 |
|
|a Asian Peoples' Anti-Communist League (China : Republic : 1949- )
|
| 999 |
|
|
|a MARS
|
| 999 |
f |
f |
|s 1cd281a3-2eb3-35a0-ac46-5ce865ab3538
|i 0e757245-677d-35a4-90c0-e2d678ba5b54
|t 0
|
| 952 |
f |
f |
|p ric
|a Texas A&M University
|b Rellis Campus
|c Joint Library Facility
|d Remote Storage
|t 0
|e DS777.55 .G42
|h Library of Congress classification
|i unmediated -- volume
|m A14806102425
|
| 998 |
f |
f |
|a DS777.55 .G42
|t 0
|l Remote Storage
|